Состояние и возможности минерально-сырьевой базы Казахстана для производства легких заполнителей бетонов и минеральной ваты: монография

Detalles Bibliográficos
Autor Corporativo: Казахстанско-Британский технический университет (КБТУ)
Outros autores: Коробкин В. В., Саматов И. Б., Тулемисова Ж. С., Добровольская Е. А.
Summary:В монографии обобщены результаты полевых, фондовых, минералого-петрологических и экспериментальных исследований магматических пород Казахстана для камнелитного производства с целью получения керамзита и базальтовой минеральной ваты. Выделены и изучены основные источники камнелитного сырья на территории главных экономических центров Казахстана. Исследованы особенности геологического строения выбранных объектов. На основании проведения комплекса геологических и ряда физико-химических лабораторных исследований получена информация о технологических свойствах камнелитного сырья. Охарактеризованы образцы лабораторной продукции, которую планируется внедрить в производство. Показана перспектива производства керамзитового материала и минеральной ваты на базе казахстанских сырьевых объектов.
Idioma:ruso
inglés
Publicado: Алматы, Изд-во КБТУ, 2017
Subjects:
Formato: MixedMaterials Libro
KOHA link:https://koha.lib.tpu.ru/cgi-bin/koha/opac-detail.pl?biblionumber=342810

MARC

LEADER 00000nam0a2200000 4500
001 342810
005 20231102005506.0
010 |a 9786012690293 
035 |a (RuTPU)RU\TPU\book\372074 
090 |a 342810 
100 |a 20190402d2017 k y0rusy50 ca 
101 0 |a rus  |a eng 
102 |a KZ 
105 |a a z 001zy 
200 1 |a Состояние и возможности минерально-сырьевой базы Казахстана для производства легких заполнителей бетонов и минеральной ваты  |e монография  |f В. В. Коробкин [и др.]  |g Казахстанско-Британский технический университет (КБТУ) 
210 |a Алматы  |c Изд-во КБТУ  |d 2017 
215 |a 174 с.  |c ил. 
320 |a Библиогр.: с. 137-140 
330 |a В монографии обобщены результаты полевых, фондовых, минералого-петрологических и экспериментальных исследований магматических пород Казахстана для камнелитного производства с целью получения керамзита и базальтовой минеральной ваты. Выделены и изучены основные источники камнелитного сырья на территории главных экономических центров Казахстана. Исследованы особенности геологического строения выбранных объектов. На основании проведения комплекса геологических и ряда физико-химических лабораторных исследований получена информация о технологических свойствах камнелитного сырья. Охарактеризованы образцы лабораторной продукции, которую планируется внедрить в производство. Показана перспектива производства керамзитового материала и минеральной ваты на базе казахстанских сырьевых объектов. 
606 1 |a Минеральное сырье  |x Геология  |2 stltpush  |3 (RuTPU)RU\TPU\subj\44017  |9 63405 
610 1 |a Казахстан 
610 1 |a минерально-сырьевая база 
610 1 |a бетон 
610 1 |a минеральная вата 
610 1 |a камнелитное производство 
610 1 |a горные породы 
610 1 |a керамзиты 
610 1 |a базальтовые породы 
610 1 |a суглинки 
610 1 |a строительные камни 
675 |a 553.04  |v 4 
701 1 |a Коробкин  |b В. В. 
701 1 |a Саматов  |b И. Б. 
701 1 |a Тулемисова  |b Ж. С. 
701 1 |a Добровольская  |b Е. А. 
712 0 2 |a Казахстанско-Британский технический университет (КБТУ)  |c (Алматы)  |2 stltpush  |3 (RuTPU)RU\TPU\col\25620 
801 1 |a RU  |b 63413507  |c 20190402 
801 2 |a RU  |b 63413507  |c 20190731  |g RCR 
942 |c BK